| 000 | 00323 a2200121 4500 | ||
|---|---|---|---|
| 001 | 65831 | ||
| 082 | _a359.0095491 ZAH | ||
| 090 |
_c38369 _d38369 |
||
| 100 | _aRear Adm Mian Zahir Shah (R) | ||
| 245 | _aBubbles of Water or Anecdotes of the Pak Navy | ||
| 260 |
_aIslamabad _bPN Books Club _c2001 |
||
| 300 | _a487p. | ||
| 942 |
_aNUST CAE _k359.0095491 ZAH |
||
| 999 |
_c300904 _d300904 |
||